00335nam a22000977a 4500082001900000245009900019260004300118300002700161526003700188650001200225 a363.72bWORcD aworkshop on goals and indicators for monitoring and evaluation for water supply and sanitation a switzerlandbgenevacjune 25-29, 1990 ap.48. :bill. ;c24 cm a0b0c0d363_720000000000000_WOR aMCE (D)